Implementation of the colour coding system and the marketing of crepe rubber (Record no. 60802)

MARC details
000 -LEADER
fixed length control field 00487nam a2200145Ia 4500
100 ## - MAIN ENTRY--AUTHOR NAME
Personal name Goonetileka M D R J
245 #0 - TITLE STATEMENT
Title Implementation of the colour coding system and the marketing of crepe rubber
260 ## - PUBLICATION, DISTRIBUTION, ETC. (IMPRINT)
Name of publisher Proceedings of the International Rubber Conference, Colombo, 1984, V2. Part 1; p139-143
650 ## - SUBJECT ADDED ENTRY--TOPICAL TERM
Topical Term Colour coding system
650 ## - SUBJECT ADDED ENTRY--TOPICAL TERM
Topical Term Crepe rubber
700 ## - ADDED ENTRY--PERSONAL NAME
Personal name Fernando
700 ## - ADDED ENTRY--PERSONAL NAME
Personal name Weerasinghe S
942 ## - ADDED ENTRY ELEMENTS (KOHA)
Koha item type Journals
700 ## - ADDED ENTRY--PERSONAL NAME
-- S E
Holdings
Withdrawn status Lost status Damaged status Not for loan Home library Current library Shelving location Date acquired Koha item type
      Journals RRII Library RRII Library Rubber general 17/12/2021 Journals